Jerarquía de género y desigualdad social: el caso de mujeres de barrios marginales de Lima metropolitana

Furkejuvvon:
Bibliográfalaš dieđut
Váldodahkki: Vargas Valente, Virginia
Materiálatiipa: Texto
Almmustuhtton: Lima :
Fáddágilkorat: Lasit fáddágilkoriid
Eai fáddágilkorat, Lasit vuosttaš fáddágilkora!

MARC

LEADER 00000 a a2200000 04500
001 14080
003
040
090 |a 028100  
100 |a Vargas Valente, Virginia  
245 |a Jerarquía de género y desigualdad social: el caso de mujeres de barrios marginales de Lima metropolitana  
260 |a Lima :  
300 |a 28 p.  
999 |c 10706  |d 10706